000 00543nmm a2200193Ia 4500
008 251105s9999||||xx |||||||||||||||||und||
020 _a9788415120872
041 _aspa
100 _aNeuhaus, Nele
245 0 _aBlancanieves debe morir :
_b (Taunus 1)
264 _a[Madrid, España] :
_bMaeva Ediciones,
_c2012
300 _a0 páginas
490 _aTaunus
650 _aThriller & Suspense
700 _aNeuhaus, Nele
700 1 _a Díez Pérez, Mª José
856 _uhttps://public.digitaliapublishing.com/a/31565
942 _cCF
999 _c69334
_d69334